[Event "Online Olym Top DivB 2021"]
[Site "chess.com INT"]
[Date "2021.09.08"]
[Round "2.5"]
[Board "6"]
[White "Balajayeva, Khanim"]
[Black "Li, Xinyu"]
[Result "1-0"]
[WhiteTitle "WGM"]
[BlackTitle "WFM"]
[WhiteElo "2369"]
[BlackElo "2167"]
[WhiteTeam "Azerbaijan"]
[BlackTeam "Shenzhen China"]
[WhiteFideId "13406396"]
[BlackFideId "8610401"]
[EventDate "2021.09.08"]
[EventType "team"]

1. e4 c5 2. c3 Nf6 3. e5 Nd5 4. d4 cxd4 5. Nf3 Nc6 6. cxd4 d6 7. Bc4 Nb6 8. Bb5
dxe5 9. Nxe5 Bd7 10. Nxd7 Qxd7 11. Nc3 e6 12. O-O Rd8 13. Be3 Be7 14. Qb3 O-O
15. Rad1 Nd5 16. Nxd5 exd5 17. Rc1 Bf6 18. Rc5 Qg4 19. Bxc6 bxc6 20. Qa4 Rc8 21.
Rfc1 Qe2 22. Qc2 Qg4 23. h3 Qh4 24. Qa4 Rb8 25. b3 Rbe8 26. Rxc6 h6 27. Qxa7 Ra8
28. Qc5 Qe4 29. Qc2 Qh4 30. Qd2 Rfe8 31. a4 Reb8 32. b4 Be7 33. b5 Qe4 34. Bf4
Re8 35. a5 Bg5 36. Bxg5 hxg5 37. b6 g4 38. hxg4 Qxg4 39. b7 Rab8 40. a6 1-0

[Event "Online Olym Top DivB 2021"]
[Site "chess.com INT"]
[Date "2021.09.08"]
[Round "3.1"]
[Board "1"]
[White "Mamedyarov, Shakhriyar"]
[Black "Erdos, Viktor"]
[Result "1/2-1/2"]
[WhiteTitle "GM"]
[BlackTitle "GM"]
[WhiteElo "2762"]
[BlackElo "2622"]
[WhiteTeam "Azerbaijan"]
[BlackTeam "Hungary"]
[WhiteFideId "13401319"]
[BlackFideId "719978"]
[EventDate "2021.09.08"]
[EventType "team"]

1. d4 Nf6 2. c4 g6 3. Nf3 Bg7 4. e3 O-O 5. Be2 d5 6. cxd5 Nxd5 7. O-O Nb6 8. e4
Bg4 9. Nbd2 e5 10. Nxe5 Bxe2 11. Qxe2 Qxd4 12. Ndf3 Qb4 13. b3 N8d7 14. Bd2 Qe7
15. Nxd7 Nxd7 16. Rac1 c6 17. Rfd1 Nf6 18. Re1 Rfe8 19. Rc4 Nd7 20. Bg5 Qa3 21.
h4 Nf8 22. Ra4 Qc5 23. e5 Ne6 24. Be3 Qb5 25. Qxb5 cxb5 26. Rxa7 Rxa7 27. Bxa7
Ra8 28. Be3 Rxa2 29. Rd1 Rb2 30. Rd3 h6 31. g3 Bf8 32. Nd2 Bc5 33. Bxh6 Bd4 34.
Ne4 Bxe5 35. Be3 b4 36. Kg2 Bc3 37. Rd7 Rxb3 38. Rxb7 Bd4 39. Bd2 Nc5 40. Rb8+
Kg7 41. Ng5 Rb2 42. Nf3 Ne4 43. Rxb4 Rxb4 44. Bxb4 Bxf2 45. Be1 Bxe1 46. Nxe1 f5 1/2-1/2

[Event "Online Olym Top DivB 2021"]
[Site "chess.com INT"]
[Date "2021.09.08"]
[Round "3.1"]
[Board "2"]
[White "Gledura, Benjamin"]
[Black "Mamedov, Rauf"]
[Result "1-0"]
[WhiteTitle "GM"]
[BlackTitle "GM"]
[WhiteElo "2628"]
[BlackElo "2654"]
[WhiteTeam "Hungary"]
[BlackTeam "Azerbaijan"]
[WhiteFideId "712779"]
[BlackFideId "13401653"]
[EventDate "2021.09.08"]
[EventType "team"]

1. d4 Nf6 2. c4 g6 3. Nc3 Bg7 4. e4 d6 5. Nf3 O-O 6. h3 e5 7. d5 Nh5 8. g3 Na6
9. Be3 f5 10. exf5 gxf5 11. Qd2 f4 12. gxf4 Nxf4 13. O-O-O Kh8 14. Rg1 Bh6 15.
h4 Bf5 16. Ng5 Nb4 17. Bxf4 exf4 18. a3 Na6 19. b4 Qf6 20. Bd3 Rae8 21. Bxf5
Qxf5 22. Ne6 Rf6 23. Qd3 Qxd3 24. Rxd3 Nb8 25. Nb5 Nd7 26. Nbxc7 Rc8 27. Kb1 Ne5
28. Rc3 f3 29. c5 dxc5 30. bxc5 Rg8 31. Rxg8+ Kxg8 32. Ne8 Rg6 33. Nd6 Rg1+ 34.
Ka2 Re1 35. Nxb7 Bd2 36. Rc2 Re2 37. Kb3 Nd3 38. c6 Nc1+ 39. Rxc1 Bxc1 40. c7
Rb2+ 41. Ka4 Rc2 42. Nbc5 1-0

[Event "Online Olym Top DivB 2021"]
[Site "chess.com INT"]
[Date "2021.09.08"]
[Round "3.1"]
[Board "3"]
[White "Mammadzada, Gunay"]
[Black "Lazarne Vajda, Szidonia"]
[Result "1-0"]
[WhiteTitle "IM"]
[BlackTitle "IM"]
[WhiteElo "2459"]
[BlackElo "2345"]
[WhiteTeam "Azerbaijan"]
[BlackTeam "Hungary"]
[WhiteFideId "13403729"]
[BlackFideId "723894"]
[EventDate "2021.09.08"]
[EventType "team"]

1. e4 d6 2. d4 Nf6 3. Nc3 e5 4. Nf3 Nbd7 5. Bc4 Be7 6. O-O O-O 7. a4 c6 8. Re1
a5 9. h3 h6 10. Be3 Re8 11. Qb1 exd4 12. Bxd4 Nf8 13. Qa2 Be6 14. Rad1 Bxc4 15.
Qxc4 Ne6 16. e5 d5 17. Qb3 Nd7 18. Qxb7 c5 19. Be3 d4 20. Nb5 Rb8 21. Qd5 Nb6
22. Qa2 Qc8 23. Bd2 Qc6 24. b3 Nd5 25. c4 dxc3 26. Nxc3 Nb4 27. Qb1 Red8 28. Nb5
c4 29. Rc1 Nd3 30. Rxc4 Qb6 31. Be3 Bc5 32. Bxc5 Nexc5 33. Rf1 Qe6 34. Qc2 Qg6
35. Rxc5 Nxc5 36. Qxc5 Qd3 37. Qc4 Qxc4 38. bxc4 Rbc8 39. Nd6 Rc5 40. Nb7 Rdc8
41. Nxc5 Rxc5 42. Rc1 Kf8 43. Nd2 Ke7 44. f4 g6 45. Nb3 Rc8 46. c5 Kd7 47. Nxa5
Kc7 48. Nc4 Ra8 49. Nb6 Rd8 50. a5 Rd2 51. Ra1 1-0

[Event "Online Olym Top DivB 2021"]
[Site "chess.com INT"]
[Date "2021.09.08"]
[Round "3.1"]
[Board "4"]
[White "Havanecz, Bianka"]
[Black "Mammadova, Gulnar"]
[Result "1-0"]
[WhiteTitle "WIM"]
[BlackTitle "IM"]
[WhiteElo "2224"]
[BlackElo "2395"]
[WhiteTeam "Hungary"]
[BlackTeam "Azerbaijan"]
[WhiteFideId "704814"]
[BlackFideId "13403508"]
[EventDate "2021.09.08"]
[EventType "team"]

1. d4 Nf6 2. c4 g6 3. Nc3 Bg7 4. e4 d6 5. Bd3 c5 6. d5 e6 7. Nge2 exd5 8. exd5
O-O 9. O-O Na6 10. Bg5 h6 11. Bh4 Re8 12. h3 Nc7 13. a4 Na6 14. Qd2 Nb4 15. Bb1
g5 16. Bg3 Nh5 17. Bh2 f5 18. f4 g4 19. hxg4 fxg4 20. Ra3 g3 21. Nxg3 Bd4+ 22.
Kh1 Be3 23. Qe2 Nxf4 24. Qf3 Qh4 25. Nce4 Rf8 26. Qxe3 Bd7 27. Nxd6 Nxg2 28.
Rxf8+ Rxf8 29. Kxg2 Bh3+ 30. Kg1 Qf6 31. Ngf5 Bxf5 32. Bxf5 Qg7+ 33. Qg3 Kh8 34.
Qxg7+ Kxg7 35. Be5+ 1-0

[Event "Online Olym Top DivB 2021"]
[Site "chess.com INT"]
[Date "2021.09.08"]
[Round "3.1"]
[Board "5"]
[White "Asadli, Vugar"]
[Black "Kozak, Adam"]
[Result "0-1"]
[WhiteTitle "GM"]
[BlackTitle "GM"]
[WhiteElo "2578"]
[BlackElo "2517"]
[WhiteTeam "Azerbaijan"]
[BlackTeam "Hungary"]
[WhiteFideId "13405764"]
[BlackFideId "753246"]
[EventDate "2021.09.08"]
[EventType "team"]

1. e4 e5 2. Nf3 Nc6 3. Bc4 Nf6 4. d3 h6 5. O-O d6 6. a3 g6 7. Nc3 Bg7 8. h3 O-O
9. Be3 Be6 10. Bxe6 fxe6 11. Ne2 Nh5 12. c3 g5 13. d4 Qe8 14. Nh2 Qg6 15. Qb3
exd4 16. cxd4 Qxe4 17. Qxb7 Rab8 18. Qxc7 Rfc8 19. Qxd6 Bf8 20. Qd7 Rd8 21. Nc3
Qxg2+ 22. Kxg2 Rxd7 23. Rfd1 Rxb2 24. Ne4 Rf7 25. Ng4 Nf4+ 26. Bxf4 Rxf4 27.
Rac1 Ne7 28. Nef6+ Kf7 29. Nh5 Rf5 30. Rc7 Kg6 31. Ng3 Nd5 32. Rxa7 Nf4+ 33. Kf3
h5 34. Ne5+ Rxe5 35. dxe5 Bc5 36. Rd6 Bxa7 37. Ke4 Bxf2 38. Nf1 Rb3 0-1

[Event "Online Olym Top DivB 2021"]
[Site "chess.com INT"]
[Date "2021.09.08"]
[Round "3.1"]
[Board "6"]
[White "Gaal, Zsoka"]
[Black "Balajayeva, Khanim"]
[Result "1/2-1/2"]
[WhiteTitle "WFM"]
[BlackTitle "WGM"]
[WhiteElo "2276"]
[BlackElo "2369"]
[WhiteTeam "Hungary"]
[BlackTeam "Azerbaijan"]
[WhiteFideId "777765"]
[BlackFideId "13406396"]
[EventDate "2021.09.08"]
[EventType "team"]

1. Nf3 Nf6 2. g3 d5 3. Bg2 Bf5 4. c4 e6 5. O-O c6 6. Qb3 Qc8 7. d3 Be7 8. Bf4
O-O 9. Nc3 Nbd7 10. cxd5 exd5 11. Rac1 Nc5 12. Qc2 Ne6 13. Bd2 h6 14. e4 dxe4
15. dxe4 Bh7 16. Rfe1 Qc7 17. h3 Rad8 18. Be3 Bc5 19. a3 Bxe3 20. Rxe3 Rfe8 21.
b4 a6 22. Qe2 Nf8 23. Nh4 Ne6 24. Nd5 Qd7 25. Nxf6+ gxf6 26. Qh5 Kg7 27. Rce1
Nd4 28. e5 fxe5 29. Rxe5 Bg6 30. Nxg6 fxg6 31. Qd1 Rxe5 32. Rxe5 Nf5 33. Qxd7+
Rxd7 34. a4 Kf6 35. Re1 Rd4 36. b5 cxb5 37. axb5 axb5 38. Bxb7 b4 39. Rb1 Nd6
40. Ba6 Ne4 41. Rb2 Ke5 42. f4+ Kd6 43. Kg2 Rd2+ 44. Rxd2+ Nxd2 45. Bd3 g5 46.
fxg5 hxg5 47. Kf2 Ke5 48. Ke3 Nb3 49. h4 gxh4 50. gxh4 Nc5 51. Bb1 Kf6 1/2-1/2

[Event "Online Olym Top DivB 2021"]
[Site "chess.com INT"]
[Date "2021.09.08"]
[Round "3.2"]
[Board "1"]
[White "Aleksandrov, Aleksej"]
[Black "Zeng, Chongsheng"]
[Result "1-0"]
[WhiteTitle "GM"]
[BlackTitle "GM"]
[WhiteElo "2525"]
[BlackElo "2597"]
[WhiteTeam "Belarus"]
[BlackTeam "Shenzhen China"]
[WhiteFideId "13500139"]
[BlackFideId "8603847"]
[EventDate "2021.09.08"]
[EventType "team"]

1. d4 Nf6 2. c4 e6 3. Nc3 Bb4 4. e3 O-O 5. Bd3 d5 6. cxd5 exd5 7. Ne2 Re8 8. Bd2
Bd6 9. O-O c6 10. a3 a5 11. f3 Nbd7 12. Qe1 a4 13. Rd1 b5 14. e4 dxe4 15. fxe4
Nc5 16. dxc5 Bxc5+ 17. Kh1 Qxd3 18. Rxf6 Bg4 19. Rxc6 Ba7 20. Bf4 Qf3 21. Qf1
Qxf1+ 22. Rxf1 Rad8 23. h3 Bh5 24. Ng3 Bg6 25. Nxb5 Bb8 26. Bxb8 Rxb8 27. Nd6
Red8 28. Rf2 f6 29. Rfc2 Kf8 30. Rc8 Ke7 31. Ndf5+ Ke6 32. Nxg7+ Ke5 33. R2c5+
Kf4 34. Rxd8 Rxb2 35. N7h5+ Ke3 36. Rc3+ Kf2 37. Rf3+ 1-0

[Event "Online Olym Top DivB 2021"]
[Site "chess.com INT"]
[Date "2021.09.08"]
[Round "3.2"]
[Board "2"]
[White "Yu, Ruiyuan"]
[Black "Fedorov, Alexei"]
[Result "0-1"]
[WhiteTitle "GM"]
[BlackTitle "GM"]
[WhiteElo "2497"]
[BlackElo "2532"]
[WhiteTeam "Shenzhen China"]
[BlackTeam "Belarus"]
[WhiteFideId "8603090"]
[BlackFideId "13500465"]
[EventDate "2021.09.08"]
[EventType "team"]

1. e4 c5 2. Nf3 e6 3. d4 cxd4 4. Nxd4 Nf6 5. Nc3 Nc6 6. Ndb5 Bc5 7. Nd6+ Ke7 8.
Bf4 e5 9. Nf5+ Kf8 10. Bg5 h6 11. Bxf6 Qxf6 12. Nd5 Qd8 13. c3 g6 14. Nfe3 a6
15. a4 d6 16. b4 Ba7 17. Qd3 Kg7 18. Rd1 Be6 19. Be2 Rf8 20. a5 Rc8 21. O-O Ne7
22. Rc1 Nxd5 23. Nxd5 f5 24. Bf3 Rf7 25. Rc2 Qg5 26. Re1 Rcf8 27. Ne3 fxe4 28.
Bxe4 d5 29. Bxd5 Bxd5 30. h4 Qxh4 31. Qxd5 Rxf2 32. Qxe5+ Kh7 33. Rce2 R2f5 34.
Qh2 Bxe3+ 35. Rxe3 Qf2+ 36. Kh1 Rh5 0-1

[Event "Online Olym Top DivB 2021"]
[Site "chess.com INT"]
[Date "2021.09.08"]
[Round "3.2"]
[Board "3"]
[White "Ilyuchyk, Yana"]
[Black "Zhao, Xue"]
[Result "0-1"]
[WhiteTitle "WFM"]
[BlackTitle "GM"]
[WhiteElo "2170"]
[BlackElo "2486"]
[WhiteTeam "Belarus"]
[BlackTeam "Shenzhen China"]
[WhiteFideId "13508407"]
[BlackFideId "8601283"]
[EventDate "2021.09.08"]
[EventType "team"]

1. e4 e6 2. d4 d5 3. Nc3 Nf6 4. e5 Nfd7 5. Nce2 c5 6. c3 Nc6 7. Nf3 Qb6 8. a3
cxd4 9. cxd4 f6 10. exf6 Nxf6 11. Nc3 Bd6 12. Bd3 O-O 13. O-O Kh8 14. Bc2 Bd7
15. Bg5 Be8 16. Re1 Bf7 17. b4 Rae8 18. b5 Na5 19. Ne5 Bh5 20. Qd3 Bxe5 21. Bxf6
Bg6 22. Qh3 Bxc2 23. Bxe5 Nc4 24. Qh4 Rc8 25. Nxd5 exd5 26. Bxg7+ Kxg7 27. Re7+
Kh8 28. Rae1 Qf6 29. Qg3 Rg8 30. Qh3 Bf5 31. Qh5 Nd6 32. h3 Qg6 33. Qxg6 Rxg6
34. g4 Be4 35. a4 h5 36. f3 Bxf3 37. Kf2 Rf8 38. gxh5 Bxh5+ 39. Ke3 Nc4+ 40. Kd3
Rg3+ 41. Kc2 Rf2+ 42. Kc1 Rc3+ 43. Kb1 Rb3+ 44. Kc1 Bg6 45. R7e2 Rb1# 0-1

[Event "Online Olym Top DivB 2021"]
[Site "chess.com INT"]
[Date "2021.09.08"]
[Round "3.2"]
[Board "4"]
[White "Xu, Tong"]
[Black "Norman, Kseniya"]
[Result "1-0"]
[WhiteTitle "WIM"]
[WhiteElo "2111"]
[BlackElo "1842"]
[WhiteTeam "Shenzhen China"]
[BlackTeam "Belarus"]
[WhiteFideId "8601739"]
[BlackFideId "13518780"]
[EventDate "2021.09.08"]
[EventType "team"]

1. e4 g6 2. d4 Bg7 3. Nc3 d6 4. f3 Nd7 5. Be3 a6 6. Nge2 b5 7. Qd2 Bb7 8. d5 c5
9. dxc6 Bxc6 10. Nd4 Bb7 11. a4 bxa4 12. Nxa4 Nc5 13. c3 Nxa4 14. Rxa4 Qd7 15.
Ra5 Nf6 16. Be2 Qc7 17. c4 O-O 18. O-O Nd7 19. b4 Rfd8 20. Rc1 Rac8 21. Bf1 Qb8
22. Qf2 Ne5 23. c5 Nc6 24. Nxc6 Rxc6 25. b5 axb5 26. Bxb5 Rcc8 27. c6 Ba8 28.
Ba7 Qc7 29. Bb6 Qb8 30. c7 1-0

[Event "Online Olym Top DivB 2021"]
[Site "chess.com INT"]
[Date "2021.09.08"]
[Round "3.2"]
[Board "5"]
[White "Lazavik, Denis"]
[Black "Xue, Haowen"]
[Result "1/2-1/2"]
[WhiteTitle "IM"]
[WhiteElo "2440"]
[BlackElo "2128"]
[WhiteTeam "Belarus"]
[BlackTeam "Shenzhen China"]
[WhiteFideId "13515110"]
[BlackFideId "8625492"]
[EventDate "2021.09.08"]
[EventType "team"]

1. d4 d5 2. c4 e6 3. Nf3 Nf6 4. Nc3 Be7 5. Bg5 Nbd7 6. e3 O-O 7. Rc1 h6 8. Bh4
c5 9. dxc5 dxc4 10. c6 bxc6 11. Bxc4 Nb6 12. Be2 g5 13. Bg3 Qxd1+ 14. Nxd1 Bb4+
15. Kf1 Bb7 16. Ne5 Ne4 17. Bd3 Nxg3+ 18. hxg3 Kg7 19. Ke2 Bd6 20. Nc4 Nxc4 21.
Bxc4 c5 22. Rg1 g4 23. Nc3 Rfd8 24. Rcd1 Be5 25. Rxd8 Rxd8 26. Na4 Bc6 27. b3
Bxa4 28. bxa4 Rb8 29. f4 gxf3+ 30. gxf3 Rb4 31. Kd3 Rxa4 32. f4 Bc7 33. Rb1 Ra3+
34. Rb3 Rxb3+ 35. axb3 h5 36. Ke4 Kg6 37. Kf3 e5 38. Bd3+ Kf6 39. Ke4 exf4 40.
exf4 Ba5 41. Be2 Kg6 42. Kf3 Be1 43. Kg2 a5 44. Bd3+ Kg7 45. Be2 Kg6 46. Bd3+ f5
47. Kf3 Kf6 48. Bb5 Ke6 49. Bc4+ Ke7 50. Bd3 Ke6 51. Bc4+ Kd6 52. Bd3 Ke6 53.
Bc4+ 1/2-1/2

[Event "Online Olym Top DivB 2021"]
[Site "chess.com INT"]
[Date "2021.09.08"]
[Round "3.2"]
[Board "6"]
[White "Li, Xinyu"]
[Black "Poliakova, Varvara"]
[Result "0-1"]
[WhiteTitle "WFM"]
[WhiteElo "2167"]
[BlackElo "1944"]
[WhiteTeam "Shenzhen China"]
[BlackTeam "Belarus"]
[WhiteFideId "8610401"]
[BlackFideId "13518313"]
[EventDate "2021.09.08"]
[EventType "team"]

1. d4 f5 2. g3 d6 3. d5 e5 4. dxe6 Bxe6 5. Bg2 Nc6 6. Nf3 Nf6 7. O-O Be7 8. Nc3
Qd7 9. Nd4 Nxd4 10. Qxd4 c6 11. Bf4 O-O 12. Rad1 d5 13. e3 Qe8 14. Qd3 Nd7 15.
h4 h6 16. Nxd5 cxd5 17. Bxd5 Nc5 18. Bxe6+ Nxe6 19. Qd5 Qc6 20. Qb3 Kh7 21. Be5
Rad8 22. c3 Nc5 23. Qc2 Qe4 24. Qxe4 fxe4 25. Bd4 b6 26. b4 Nd3 27. f3 Nb2 28.
Rb1 Nc4 29. fxe4 Nd2 30. Rxf8 Rxf8 31. Rb2 Nxe4 32. Rg2 Bd6 33. g4 Rf3 34. a4
Bg3 35. h5 Bf2+ 36. Kh2 Ng5 37. Kh1 Kg8 38. c4 Bxe3 39. Bxe3 Rxe3 40. Rc2 Kf7
41. c5 bxc5 42. bxc5 Re7 43. c6 Rc7 44. Kg2 Ke6 45. Kg3 Kd6 46. Kf4 Ne6+ 47. Ke4
Rxc6 48. Rd2+ Ke7 49. Kf5 Rc5+ 50. Kg6 Rg5+ 51. Kh7 Rxg4 0-1

[Event "Online Olym Top DivB 2021"]
[Site "chess.com INT"]
[Date "2021.09.08"]
[Round "3.3"]
[Board "1"]
[White "Harikrishna, Pentala"]
[Black "Grandelius, Nils"]
[Result "1-0"]
[WhiteTitle "GM"]
[BlackTitle "GM"]
[WhiteElo "2725"]
[BlackElo "2666"]
[WhiteTeam "India"]
[BlackTeam "Sweden"]
[WhiteFideId "5007003"]
[BlackFideId "1710400"]
[EventDate "2021.09.08"]
[EventType "team"]

1. d4 d5 2. c4 e6 3. Nf3 a6 4. cxd5 exd5 5. Nc3 h6 6. Qb3 Nf6 7. Bf4 Bd6 8. Bg3
Bxg3 9. hxg3 O-O 10. e3 b6 11. Be2 Be6 12. Ne5 c5 13. Qa3 Nbd7 14. Nxd7 Nxd7 15.
dxc5 bxc5 16. Rd1 d4 17. exd4 cxd4 18. Rxd4 Qb6 19. Rd6 Qc7 20. O-O a5 21. Rfd1
Nf6 22. Nb5 Qe7 23. Bf3 Rab8 24. Qxa5 Bxa2 25. Na7 Rxb2 26. Nc6 Qb7 27. Rd8 Nh7
28. Rxf8+ Nxf8 29. Rd8 g6 30. Qa3 1-0

[Event "Online Olym Top DivB 2021"]
[Site "chess.com INT"]
[Date "2021.09.08"]
[Round "3.3"]
[Board "2"]
[White "Blomqvist, Erik"]
[Black "Adhiban, Baskaran"]
[Result "0-1"]
[WhiteTitle "GM"]
[BlackTitle "GM"]
[WhiteElo "2536"]
[BlackElo "2672"]
[WhiteTeam "Sweden"]
[BlackTeam "India"]
[WhiteFideId "1709437"]
[BlackFideId "5018471"]
[EventDate "2021.09.08"]
[EventType "team"]

1. e4 e5 2. Nf3 Nc6 3. Bb5 f5 4. d3 fxe4 5. dxe4 Nf6 6. O-O d6 7. Bc4 Bg4 8. h3
Bh5 9. Nc3 Be7 10. g4 Bg6 11. Ng5 Nd4 12. f4 h6 13. Ne6 Nxe6 14. Bxe6 c6 15. Be3
Qc7 16. Qf3 Nd7 17. Rad1 Rf8 18. Qg3 O-O-O 19. fxe5 Rxf1+ 20. Kxf1 dxe5 21. Qf2
b6 22. Qd2 Be8 23. a3 Kb7 24. Qe2 Nf8 25. Rxd8 Qxd8 26. Bc4 b5 27. Bd3 Ne6 28.
Qf2 Nd4 29. Ne2 Bh4 30. Qf8 Qf6+ 31. Qxf6 Bxf6 32. Nxd4 exd4 33. Bf4 c5 34. e5
Bg5 35. Bxg5 hxg5 36. c3 dxc3 37. bxc3 a5 38. Kf2 Kb6 39. Ke3 c4 40. Bf1 Kc5 41.
Bg2 Bf7 42. Bf3 Bd5 43. Be2 Bg2 44. Kf2 Be4 45. Ke3 Kd5 46. e6 Bg6 47. e7 Kd6
48. Kd4 Kxe7 49. Kc5 Be8 50. Kb6 b4 51. axb4 axb4 52. cxb4 c3 53. Bd3 Ba4 54. b5
c2 55. Bxc2 Bxc2 56. Kc7 Be4 57. b6 Ke6 58. b7 Bxb7 59. Kxb7 Ke5 60. Kc6 Kf4 61.
Kd6 Kg3 62. Ke6 Kxh3 63. Kf5 Kh4 0-1

[Event "Online Olym Top DivB 2021"]
[Site "chess.com INT"]
[Date "2021.09.08"]
[Round "3.3"]
[Board "3"]
[White "Koneru, Humpy"]
[Black "Cramling, Pia"]
[Result "1/2-1/2"]
[WhiteTitle "GM"]
[BlackTitle "GM"]
[WhiteElo "2586"]
[BlackElo "2455"]
[WhiteTeam "India"]
[BlackTeam "Sweden"]
[WhiteFideId "5008123"]
[BlackFideId "1700030"]
[EventDate "2021.09.08"]
[EventType "team"]

1. d4 d5 2. c4 dxc4 3. Nf3 Nf6 4. e3 e6 5. Bxc4 a6 6. O-O c5 7. b3 cxd4 8. Nxd4
Bd6 9. Bb2 O-O 10. Be2 e5 11. Nf3 Nc6 12. Nbd2 Be6 13. Rc1 h6 14. Nc4 Bxc4 15.
Rxc4 Qe7 16. Qb1 Na5 17. Rcc1 Rac8 18. Qf5 Rxc1 19. Rxc1 Nc6 20. Bxa6 Ra8 21.
Bb5 Rxa2 22. Ba1 Nd7 23. Qb1 Ra8 24. Bxc6 bxc6 25. Rxc6 Nc5 26. b4 Nd3 27. h3
Nxb4 28. Rc4 Nd3 29. Nd2 Qe6 30. Bc3 Nc5 31. Bb4 Nb7 32. Qe4 Ra1+ 33. Kh2 Nd8
34. Bxd6 Qxd6 35. Nf3 Ra2 36. Qxe5 Qxe5+ 37. Nxe5 Kf8 38. Kg3 Ke7 39. Rd4 Ra8
40. f4 Ke6 41. Kf3 g5 42. Rb4 Ra6 43. g3 Nc6 44. Nxc6 Rxc6 45. Re4+ Kf6 46. Re5
Rc1 47. Kg4 Re1 48. Rf5+ Ke6 49. Re5+ Kf6 50. Re8 gxf4 51. Kxf4 h5 52. Ra8 Rf1+
53. Ke4 Rg1 54. Ra6+ Kg7 55. Kf4 Rf1+ 56. Ke4 Rg1 57. Kf3 Rf1+ 58. Kg2 Re1 59.
Kf2 Rh1 60. h4 Rb1 61. Kf3 Rf1+ 62. Ke2 Rg1 63. Kf2 Rb1 64. Ra5 Kg6 65. Rg5+ Kh6
66. e4 Rb3 67. e5 Ra3 68. Rf5 Kg6 69. Rf6+ Kg7 70. Rf3 Ra5 71. Rf5 Kg6 72. Rg5+
Kh6 73. Ke3 Ra4 74. Kf3 Rb4 75. Rf5 Kg6 76. Rf6+ Kg7 77. Rf4 Rb3+ 78. Kg2 Re3
79. Rf5 Kg6 80. Rg5+ Kh6 81. Kf2 Ra3 82. Rf5 Kg6 83. Rf6+ Kg7 84. Rf3 Ra5 85.
Rf5 Kg6 86. Rg5+ Kh6 87. Kf3 Ra4 88. Rg8 Rb4 89. Ra8 Kg6 90. Ra6+ Kg7 91. e6
fxe6 92. Rxe6 Ra4 93. Re4 Ra3+ 94. Kf4 Kg6 95. Re6+ Kg7 96. Re5 Kg6 97. Rg5+ Kh6
98. Rb5 Kg6 99. Rb6+ Kg7 100. Re6 Rb3 101. Re3 Rb5 102. Re5 Rb4+ 103. Kg5 Rg4+
104. Kxh5 Rxg3 105. Rg5+ Rxg5+ 106. hxg5 Kh7 107. g6+ Kg7 108. Kg5 Kg8 109. Kf5
Kg7 110. Kg5 Kg8 111. Kf6 Kf8 112. g7+ Kg8 113. Kg6 1/2-1/2

[Event "Online Olym Top DivB 2021"]
[Site "chess.com INT"]
[Date "2021.09.08"]
[Round "3.3"]
[Board "4"]
[White "Agrest, Inna"]
[Black "Tania, Sachdev"]
[Result "1/2-1/2"]
[WhiteTitle "WIM"]
[BlackTitle "IM"]
[WhiteElo "2256"]
[BlackElo "2392"]
[WhiteTeam "Sweden"]
[BlackTeam "India"]
[WhiteFideId "1708830"]
[BlackFideId "5007844"]
[EventDate "2021.09.08"]
[EventType "team"]

1. e4 e5 2. Nf3 Nc6 3. Bb5 a6 4. Ba4 Nf6 5. O-O b5 6. Bb3 Bb7 7. Re1 Bc5 8. c3
O-O 9. d3 h6 10. h3 Bb6 11. Nbd2 d5 12. Qe2 d4 13. a3 Re8 14. Nf1 Na5 15. Ba2 c5
16. cxd4 exd4 17. b4 cxb4 18. axb4 Nc6 19. Qb2 Bc7 20. Bd2 Rc8 21. Ng3 Bxg3 22.
fxg3 Qd6 23. g4 Rcd8 24. Rf1 Bc8 25. Bb3 Re7 26. Rf2 Nd7 27. Raf1 Nde5 28. Nxe5
Nxe5 29. Bf4 Be6 30. Bxe6 Qxe6 31. Bxe5 Qxe5 32. Rf5 Qe6 33. g5 hxg5 34. Rxg5
Rc7 35. Qf2 g6 36. Qg3 Rdc8 37. Rd5 Rc1 38. Rxc1 Rxc1+ 39. Kh2 Qf6 40. Rd6 Qe7
41. Rxa6 Rc8 42. Rd6 Qa7 43. Qe5 Qa3 44. Qxd4 Qc1 45. Rd8+ Rxd8 46. Qxd8+ Kg7
47. Qd4+ Kg8 48. e5 Qd2 49. Qd8+ Kh7 50. Qf6 Qa2 51. d4 Qc4 52. Qd6 Qf1 53. Qf6
Qc4 54. Qh4+ Kg7 55. Qf4 Qxb4 56. Qf6+ Kg8 57. d5 Qd4 58. d6 b4 59. Qd8+ Kg7 60.
Qf6+ Kg8 61. h4 b3 62. h5 gxh5 63. Qg5+ Kf8 64. Qh6+ Kg8 65. Qg5+ Kf8 66. Qe7+
Kg7 67. Qg5+ Kf8 1/2-1/2

[Event "Online Olym Top DivB 2021"]
[Site "chess.com INT"]
[Date "2021.09.08"]
[Round "3.3"]
[Board "5"]
[White "Nihal, Sarin"]
[Black "Pantzar, Milton"]
[Result "1-0"]
[WhiteTitle "GM"]
[BlackTitle "IM"]
[WhiteElo "2652"]
[BlackElo "2423"]
[WhiteTeam "India"]
[BlackTeam "Sweden"]
[WhiteFideId "25092340"]
[BlackFideId "1721003"]
[EventDate "2021.09.08"]
[EventType "team"]

1. Nf3 d5 2. e3 Nf6 3. c4 e6 4. Nc3 b6 5. d4 Bb7 6. cxd5 exd5 7. Bb5+ c6 8. Bd3
Bd6 9. O-O O-O 10. e4 dxe4 11. Nxe4 Nxe4 12. Bxe4 Nd7 13. Bg5 Nf6 14. Rc1 h6 15.
Bxf6 Qxf6 16. Qa4 b5 17. Qc2 Rac8 18. Rfe1 Rfe8 19. Bh7+ Kf8 20. Bf5 Rxe1+ 21.
Rxe1 Re8 22. Rxe8+ Kxe8 23. Be4 Kf8 24. g3 Bb8 25. Qc3 Qe6 26. Ne5 Bxe5 27. dxe5
g6 28. a3 a5 29. f4 a4 30. Kg2 Ke8 31. Kf2 Kd7 32. Qc5 Kc7 33. h4 Qb3 34. Qd6+
Kb6 35. Qd4+ Kc7 36. h5 gxh5 37. f5 Qc4 38. Qxc4 bxc4 39. Ke3 Kb6 40. e6 fxe6
41. f6 1-0

[Event "Online Olym Top DivB 2021"]
[Site "chess.com INT"]
[Date "2021.09.08"]
[Round "3.3"]
[Board "6"]
[White "Zaritovskaja, Margarita"]
[Black "Savitha, Shri B"]
[Result "1-0"]
[BlackTitle "WIM"]
[WhiteElo "2040"]
[BlackElo "2281"]
[WhiteTeam "Sweden"]
[BlackTeam "India"]
[WhiteFideId "14149249"]
[BlackFideId "35061887"]
[EventDate "2021.09.08"]
[EventType "team"]

1. e4 c5 2. Nf3 e6 3. d4 cxd4 4. Nxd4 a6 5. Bd3 Ne7 6. Nc3 Nbc6 7. Nxc6 Nxc6 8.
Be3 Bb4 9. O-O O-O 10. f4 Qa5 11. f5 d5 12. exd5 exd5 13. Bd2 f6 14. Kh1 d4 15.
a3 Bxc3 16. bxc3 dxc3 17. Bf4 Ne5 18. Bxe5 Qxe5 19. Qh5 b5 20. Rae1 Qc7 21. Be4
Bb7 22. Bxb7 Qxb7 23. Rf3 Rac8 24. Rh3 h6 25. Rg3 Qc7 26. Ree3 Rcd8 27. h3 Rf7
28. Qxh6 Rd1+ 29. Kh2 Re7 30. Rxe7 Qxe7 31. Qg6 a5 32. h4 Qa7 33. Qe8+ Kh7 34.
Qh5+ Kg8 35. Qxd1 Qe7 36. Qg4 b4 37. axb4 axb4 38. h5 1-0